000 00218 a2200097 4500
020 _a9780590474221
041 _aspa
100 _aimelda rodriguez
245 _acuento del ratoncito Zapata y el REy Chimuelo
942 _cK
999 _c30785
_d30783